| 000 | 00612cam a22002051 4500 | ||
|---|---|---|---|
| 001 | ca 36000105 | ||
| 003 | DLC | ||
| 005 | 20260227111140.0 | ||
| 008 | 890621s1936 maua 000 0 eng | ||
| 010 | _aca 36000105 | ||
| 035 | _a(OCoLC)19902938 | ||
| 040 |
_aDLC _cRPB _dDLC |
||
| 050 | 0 | 0 |
_aPS3515.A937 _bS6 1936 |
| 082 | _a812.5 | ||
| 100 | 1 |
_aHayes, Hubert, _d1901-1964. |
|
| 245 | 1 | 0 |
_aSmoky Joe; _ba comedy in three acts, _cby Hubert Hayes. |
| 260 |
_aBoston, Mass. _aLos Angeles. _b[Walter H. Baker Company, _cc1936] |
||
| 300 |
_a2 p., l., [3]-133 p. _bdiagr. _c19 cm. |
||
| 490 | 0 | _aBakers̕ royalty plays | |
| 999 |
_c17985 _d17985 |
||